000
00302nam a22001457a 4500
008
210308b ||||| |||| 00| 0 eng d
020
_a
2900631214907
041
_a
eng
080
_a
94
082
_2
94
100
_a
19
101
_a
HIS
245
_a
MAX WEBER
_c
Stephen Kalberg
942
_2
udc
_c
BK
999
_c
56025
_d
56025